000 00321nam a22001337a 4500
003 OSt
005 20251009120845.0
008 251009b |||||||| |||| 00| 0 eng d
040 _cIIMT UNIVERSITY
100 _aGRAHAM, WINSTON
245 _aFORTUNE IS A WOMAN
260 _aDELHI
_bCOLLINS FONTANA
_c1972
942 _2ddc
_c01
999 _c66548
_d66548